Ciencias naturales 7 : química /

Guardado en:
Autor Principal: Botto, Juan L.
Otros Autores: Labate, Hugo, Briuolo, Paula
Formato: Libro
Publicado: Buenos Aires : A-z, 1997
Materias:
Etiquetas: Agregar Etiqueta
Sin Etiquetas, Sea el primero en etiquetar este registro!
LEADER 00935nam a22002535a 4500
001 CEM.cems009774
005 20080711104437.0
008 130507s1997##################000#0#####d
003 CEMS
020 |a 9505344368 
082 0 4 |a 570 
100 1 |a Botto, Juan L. 
245 1 0 |a Ciencias naturales 7 :  |b química /  |c Coordinado Por Juan L. Botto, Hugo Labate, Paula Briuolo 
260 |a Buenos Aires :  |b A-z,  |c 1997 
300 |a 85 p. 
500 |a Para tercer ciclo Educación General Básica 
505 0 |a De qué estan hechas las cosas? -- El ojo que todo lo agranda -- Interacciones, o qué pasa al juntar distintos materiales? -- Los materiales cambian -- Química para las personas 
653 |a Ciencias naturales 
653 |a Ciencias naturales-egb 
653 |a Química 
653 |a Química-egb 
700 1 |a Labate, Hugo 
700 1 |a Briuolo, Paula 
859 |a CEMS  |b BIB. CEMS - 11 de abril  |h 570  |i B659-1  |p 20066.98  |t Ej.1  |v 7º  |3 7º